Mass culture of the rotifer, Brabchionus plicatilis, for use as foodstuff in aquaculture

Bewaard in:
Bibliografische gegevens
Hoofdauteur: Fontaine, Clark T.
Formaat: Boek
Taal:Undetermined
Gepubliceerd in: Texas, U.S.A. U.S. Dept. of Commerce 1979
Onderwerpen:
Tags: Voeg label toe
Geen labels, Wees de eerste die dit record labelt!
Thư viện lưu trữ: Trung tâm Học liệu Trường Đại học Cần Thơ
LEADER 00564nam a2200181Ia 4500
001 CTU_150073
008 210402s9999 xx 000 0 und d
082 |a 577.6 
082 |b F678 
100 |a Fontaine, Clark T. 
245 0 |a Mass culture of the rotifer, Brabchionus plicatilis, for use as foodstuff in aquaculture 
245 0 |c Clark T. Fontaine, Dickie B. Revera 
260 |a Texas, U.S.A. 
260 |b U.S. Dept. of Commerce 
260 |c 1979 
650 |a Aquatic ecology 
904 |i Giang 
980 |a Trung tâm Học liệu Trường Đại học Cần Thơ